Architektúra : Stručné dejiny Slovenska pre mladých čitateľov /

Gespeichert in:
Bibliographische Detailangaben
1. Verfasser: Dulla, Matúš, 1950- (Verfasst von)
Weitere Verfasser: Vajsábel, Ján (Illustrationen)
Format: Buch
Sprache:Slowakisch
Veröffentlicht: Bratislava : Slovart, 2022
Ausgabe:1. vydanie
Schlagworte:
Tags: Tag hinzufügen
Keine Tags, Fügen Sie das erste Tag hinzu!

MARC

LEADER 00000nam a22000003a 4500
001 0095946
003 SK-STU
005 20220627161122.3
007 ta
008 220627s ----xo-----e------000-0-----d
020 |a 978-80-556-5009-8 
040 |a STU  |b slo 
041 0 |a slo 
044 |a xo 
100 1 |a Dulla, Matúš,  |d 1950-  |u 053130  |4 aut  |r Z8  |U FAD Fakulta architektúry a dizajnu  |T FAD Ústav dejín a teórie architektúry a obnovy pamiatok  |X 398  |U A3130  |Y 394  |7 A000000398 
245 1 0 |a Architektúra :  |b Stručné dejiny Slovenska pre mladých čitateľov /  |c aut. Matúš Dulla ; ilustr. Ján Vajsábel 
250 |a 1. vydanie 
260 |a Bratislava :  |b Slovart,  |c 2022 
300 |a 304 s. 
650 0 7 |a dejiny architektúry 
650 0 7 |a Slovensko 
650 0 7 |a slohy architektonické 
650 0 7 |a architektonický štýl 
700 1 |a Vajsábel, Ján  |4 ill 
996 |b 284AU09375  |c A* 12688/U  |l AAKNST  |s P  |a 0  |w 0095946_0001 
996 |b 284AU09376  |c A* 12689/U  |l AAKNAR  |s A  |a 24  |w 0095946_0002 
996 |b 284AU09578  |c A* 12937/U  |l AAKNAR  |s A  |a 24  |w 0095946_0003 
996 |b 284AU09579  |c A* 12938/U  |l AAKNAR  |s A  |a 24  |w 0095946_0004 
996 |b 284AU09580  |c A* 12939/U  |l AAKNAR  |s A  |a 24  |w 0095946_0005